Cómo realizar trabajo de grado / Mireya Cisneros Estupiñon (Registro nro. 11098)

Detalles MARC
000 -LEADER
fixed length control field 00664nam a22002171a 4500
001 - CONTROL NUMBER
control field 11098
003 - CONTROL NUMBER IDENTIFIER
control field OSt
005 - DATE AND TIME OF LATEST TRANSACTION
control field 20260204212227.0
008 - FIXED-LENGTH DATA ELEMENTS--GENERAL INFORMATION
fixed length control field 101202s2006||||ck ||||||b||||||||||spa||
020 ## - NUMERO DE LIBRO INTERNACIONAL NORMALIZADO
International Standard Book Number 9586484491
050 ## - LIBRARY OF CONGRESS CALL NUMBER
Classification number 808.066378 C497t
100 ## - ASIENTO PRINCIPAL -- NOMBRE PERSONAL
Personal name Cisneros Estupiñon, Mireya
245 ## - TÍTULO PROPIAMENTE DICHO: SUBTÍTULO
Title Cómo realizar trabajo de grado / Mireya Cisneros Estupiñon
250 ## - MENCIÓN DE EDICIÓN
Edition statement 2
264 ## - PRODUCTION, PUBLICATION, DISTRIBUTION, MANUFACTURE, AND COPYRIGHT NOTICE
Place of production, publication, distribution, manufacture Colombia : Ecoe Ediciones
300 ## - PHYSICAL DESCRIPTION
Extensión 124 p
490 ## - MENCIÓN DE SERIE
Series statement (Colección: Educación y pedagogía)(Área: Educacaión)
500 ## - GENERAL NOTE
General note Incluye bibliografía
650 ## - ASIENTO SECUNDARIO DE MATERIA -- TERMINO TEMÁTICO
Termino Temático Como Elemento de Entrada Redacción de Escritos Técnocos 2.Trabajo de Grado 3.Elaboración de TesisÌ
942 ## - ADDED ENTRY ELEMENTS (KOHA)
Source of classification or shelving scheme Dewey Decimal Classification
Koha item type Libros
Existencias
Withdrawn status Lost status Source of classification or shelving scheme Damaged status Not for loan Current library Date acquired Total Checkouts Full call number Barcode Date last seen Price effective from Koha item type
    Dewey Decimal Classification     Biblioteca UTECO 09/09/2019   808.066378 C497T 015646 09/09/2019 09/09/2019 Libros
    Dewey Decimal Classification     Biblioteca UTECO 09/09/2019   808.066378 C497T 015647 09/09/2019 09/09/2019 Libros
    Dewey Decimal Classification     Biblioteca UTECO 09/09/2019   808.066378 C497T 015648 09/09/2019 09/09/2019 Libros
© 2021 Derechos Reservados UTECO - Teléfono: +1 809-585-2291 - Correo electrónico: biblioteca@uteco.edu.do​  
Código postal 43000 ​​
Dirección: Avenida Universitaria No. 100, 
Cotuí, Provincia Sánchez Ramírez, República Dominicana - RNC: 404-00059-6